| 000 | 00590nam a2200193 i 4500 | ||
|---|---|---|---|
| 001 | 34831 | ||
| 003 | ES-MaACL | ||
| 005 | 20240416102835.0 | ||
| 007 | t| | ||
| 008 | 030211s1967 sp ||||1| spa d | ||
| 100 | 1 |
_aBonnet, Gabriel. _930261 |
|
| 245 | 1 | 4 |
_aLas guerras insurrecionales y revolucionarias / _cGabriel Bonnet ; [traducción de Jesús López Pacheco]. |
| 250 | _a[1ª ed.]. | ||
| 260 |
_aMadrid : _bCid, _c[1967] |
||
| 300 |
_a312 p. ; _c20 cm. |
||
| 700 | 1 |
_aLópez Pacheco, Jesús, _d1930-1997 _973855 |
|
| 852 |
_aES-MaACL _jC-33108 _bR.63115 |
||
| 999 |
_c34831 _d34831 |
||